01310na a2200253 450000100060000000300080000600500170001400800410003104000250007204100080009708200250010511000580013024500870018826000520027530000290032744000490035650000960040550502890050161000620079065000510085265000620090374000720096583000190103721394MIRAKIL20210129122515.0170204b tu 000 0  aMilasbturcTR-AnCHP atur aCHP 352bC3699m 2016 aCumhuriyet Halk Partisi (CHP)bYerel Yönetim Birimi aMuhtarlık sistemi ve muhtarlarımızcCHP Genel Merkezi Yerel Yönetimler Birimi aAnkarabCHP Yerel Yönetim BirimicMayıs 2016 a32 sbrnk. fotg.c22 sm. aCHP Yerel Yönetimler yayınlarıpRaporlar aYapı adı başında : Gerçek bir demokrasi için muhtarlık sistemi ve muhtarlarımız aMuhtar kimdir? - Köy ve mahalle muhtarlıkları - Mahallenin tarih evrimi - Mahalle birimi niçin önemlidir? - Niçin mahalle muhtarlıkları katılım odağı olamıyor? -- CHP'nin muhtarlık sitemine bakışı - Muhtarlıkların güçlendirilmesi için CHP ne öneriyor? aCumhuriyet Halk Partisi (CHP)xMuhtarlar ve muhtarlıklar aYerel yönetimxMahalle yönetimizTürkiye aYerel yönetimlerxMuhtarlar ve muhtarlıklarzTürkiye aGerçek bir demokrasi için muhtarlık sistemi ve muhtarlarımız aCHP raporları